00815nam a2200265 a 450000100060000000300090000600800410001502000180005604000280007404100080010210000170011024500830012725000110021026000350022130000270025649000140028365000350029765000230033265000390035565000340039465000490042870000250047770000250050270000220052724349CO-ViMGA141112s2004 ck r 000 u spa d a9789589159439 aCO-ViMGAbspacCO-ViMGA aSPA1 aGutman, Anne10aLos besitos / cAnne Gutman, Gerg Hallensleben ; traducción Christiane Reyes a2a ed. aBarcelona : bJuventud, c2011 a14 p. : il. col. : il. aMira mira14aANIMALES - LIBROS DE IMAGENES 14aDESDE LOS 6 MESES 14aLEER ES MI CUENTO - COLECCION 201114aLITERATURA INFANTIL FRANCESA 14aRELACION PADRE - HIJOS - LIBROS DE IMAGENES 1 aHallensleben, Georg 1 aHallensleben, Georg 1 aReyes, Christiane